Rappeurs - Mort subite - Statistiques

Statistiques générales
  • Ce quiz a été pris 4 253 fois
  • Le résultat moyen est 16 sur 26
Answers on the Grid
Answers color-coded by a green-red scale on the quiz's grid according to % correct below.
2 Chainz
21 Savage
A$AP Rocky
Bad Bunny
Bama Red
Boutros Boutros-Ghali
Cardi B
DaBaby
Dave
Destiny
Doja Cat
Fetty Wap
Future
GloRilla
I See Ghosts
Ice Spice
Ja Rule
Jack Harlow
Juice WRLD
Kendrick Lamar
Khalif Raheem
Kodak Black
Lil Danky
Lil Uzi Vert
Lil Wayne
Lil Yachty
Megan Thee Stallion
Nicki Minaj
Offset
Playboi Carti
Sasha Banks
Scrub Killa
Ty Dolla Sign
Xplizit
XXXTentacion
Yung G
 
Statistiques - réponses
Réponse % Correct
Cardi B
87%
21 Savage
82%
A$AP Rocky
82%
Kendrick Lamar
80%
XXXTentacion
80%
Lil Wayne
79%
Nicki Minaj
76%
Doja Cat
75%
Ice Spice
73%
Juice WRLD
73%
Future
71%
Bad Bunny
70%
Lil Uzi Vert
70%
DaBaby
63%
Offset
63%
Playboi Carti
63%
Dave
52%
Fetty Wap
48%
Megan Thee Stallion
48%
2 Chainz
47%
Kodak Black
45%
Lil Yachty
45%
Ty Dolla Sign
41%
Jack Harlow
38%
GloRilla
24%
Ja Rule
22%
Aucun quiz correspondant
Distribution des résultats
% des personnes avec chaque résultat
Percentile par nombre de réponses
Votre historique - résultats
Vous n’avez pas pris ce quiz